ՀՀ Գիտությունների ազգային ակադեմիայի հիմնարար գիտական գրադարան  =   Fundamental Scientific Library of NAS RA

Մաթևոս Դարբինյան : (Record no. 11105)

MARC details
000 -LEADER
fixed length control field 01049nam a2200229 a 4500
001 - CONTROL NUMBER
control field 000026385
003 - CONTROL NUMBER IDENTIFIER
control field AM-YEHGA
005 - DATE AND TIME OF LATEST TRANSACTION
control field 20250618070904.0
008 - FIXED-LENGTH DATA ELEMENTS--GENERAL INFORMATION
fixed length control field 001017s1970 ai a|||gr|||||||0|||arm|c
040 ## - CATALOGING SOURCE
Original cataloging agency AM-YeHGA
041 0# - LANGUAGE CODE
Language code of text/sound track or separate title arm
090 ## - LOCALLY ASSIGNED LC-TYPE CALL NUMBER (OCLC); LOCAL CALL NUMBER (RLIN)
-- 11186
245 00 - TITLE STATEMENT
Title Մաթևոս Դարբինյան :
Remainder of title (Կենսամատենագիտություն) /
Statement of responsibility, etc. Խնկո-Ապոր անվ. հանրապետ. մանկ. գրադարան, Գիտա-մեթոդ. բաժին; Կազմ.՝ Բ.Գ. Մելյան; Խմբ.՝ Ս.Բ. Աղաբաբյան;
260 ## - PUBLICATION, DISTRIBUTION, ETC.
Place of publication, distribution, etc. Երևան :
Name of publisher, distributor, etc. Ա. հ.,
Date of publication, distribution, etc. 1970.
300 ## - PHYSICAL DESCRIPTION
Extent 313 էջ.,
Other physical details դիմանկ., լուսանկ.
504 ## - BIBLIOGRAPHY, ETC. NOTE
Bibliography, etc. note Տողատակի ծանոթագր.
600 14 - SUBJECT ADDED ENTRY--PERSONAL NAME
Personal name Դարբինյան, Մաթևոս Կարապետի
9 (RLIN) 1906
650 14 - SUBJECT ADDED ENTRY--TOPICAL TERM
Topical term or geographic name entry element Հայ սցենարիստներ
General subdivision Կենսամատենագիտություն
653 0# - INDEX TERM--UNCONTROLLED
Uncontrolled term Հայ գրողներ
710 2# - ADDED ENTRY--CORPORATE NAME
Corporate name or jurisdiction name as entry element Խնկո-Ապոր անվան հանրապետական մանկական գրադարան
Subordinate unit Գիտա-մեթոդական բաժին
942 ## - ADDED ENTRY ELEMENTS (KOHA)
Source of classification or shelving scheme Universal Decimal Classification
Koha item type Գրքեր / Books
Holdings
Withdrawn status Lost status Damaged status Not for loan Collection Home library Current library Date acquired Total checkouts Full call number Barcode Date last seen Price effective from Koha item type Public note
        General Fundamental Scientific Library Fundamental Scientific Library 21/12/2016   AII/45957 220045957 21/12/2016 21/12/2016 Գրքեր / Books 30 Days Loan
        General Fundamental Scientific Library Fundamental Scientific Library 21/12/2016   AII/45958 220045958 21/12/2016 21/12/2016 Գրքեր / Books 30 Days Loan
        General Fundamental Scientific Library Fundamental Scientific Library 21/12/2016   AII/45959 220045959 21/12/2016 21/12/2016 Գրքեր / Books 30 Days Loan


ՀՀ ԳԱԱ հիմնարար գիտական գրադարան
ՀՀ,Երևան 0019
Մարշալ Բաղրամյան 24/6
հեռախոս:(374-10) 52-47-50
Հետադարձ կապ

All site content, except where otherwise noted, is licensed under a
Creative Commons License